| 000 | 00744nam a2200265 i 4500 | ||
|---|---|---|---|
| 001 | 16184 | ||
| 003 | ES-MaACL | ||
| 005 | 20230906151247.0 | ||
| 007 | t| | ||
| 008 | 000707s1999 sp ||||0| spa j | ||
| 020 | _a84-7669-394-X | ||
| 040 |
_aM-BN _bspa _cM-BN |
||
| 080 | _a821.511.141-31"19" | ||
| 100 | 1 |
_aNádas, Péter. _984819 |
|
| 245 | 1 | 3 |
_aEl final de una saga / _cPéter Nádas ; traducido del húngaro por Adan Kovacsics. |
| 250 | _a1ª ed. | ||
| 260 |
_aBarcelona : _bMuchnik, _c1999. |
||
| 300 |
_a183 p. ; _c21 cm. |
||
| 490 | 1 |
_aNovela ; _v92 |
|
| 700 | 1 |
_aKovacsics, Adan. _968670 |
|
| 830 | 0 |
_aNovela ; _v92 _9179893 |
|
| 852 |
_aES-MaACL _jL-23381 _bR.128511 |
||
| 999 |
_c16184 _d16184 |
||